000 01062nam a22003137a 4500
003 CHAP
005 20220329135912.0
008 971013s1978 r 00010 d
010 _a43902
011 _a44874
035 _a49013
040 _cCHAP
090 _aTesis
100 0 0 _aRamírez Carrizalez, Fortino.
_993916
245 _aTrece niveles de fertilización en trigo en el municipio de Valle de Santiago, Guanajuato
260 _aMonterrey, N. L. :
_bEl autor,
_c1978
300 _a66 h.
_b; gráfs. ; mapas
502 _aTesis (Ing. Agr.) -- Universidad Autónoma de Nuevo León. Facultad de Agronomía
590 _aALEPH
_b10
_c20130110
_lUCH01
_h1312
590 _aBATCH-UPD
_b10
_c20130110
_lUCH01
_h1410
590 _aBATCH-UPD
_b10
_c20130410
_lUCH01
_h0857
590 _aBATCH-UPD
_b10
_c20130914
_lUCH01
_h1427
590 _aCONVERSION
_b10
_c20130109
_lUCH01
_h1324
650 1 4 _aFertilizantes
_xEfecto en trigo.
_940558
650 1 4 _aTrigo
_xGuanajuato.
_9115035
901 _aBK
942 _cTESIS
949 _bBC
_cTES
_d-110708
_eTS1
_i49013
_si
999 _c43902
_d43902